Stereotype, Viktimisierung und Selbstviktimisierung von Muslimen: wie akkurat sind unsere Bilder über muslimische Migranten
| Main Author: | |
|---|---|
| Format: | Print Book |
| Language: | German |
| Subito Delivery Service: | Order now. |
| Check availability: | HBZ Gateway |
| WorldCat: | WorldCat |
| Interlibrary Loan: | Interlibrary Loan for the Fachinformationsdienste (Specialized Information Services in Germany) |
| Published: |
Wiesbaden
Springer VS
2014
|
| In: | Year: 2014 |
| Series/Journal: | Essentials
|
| IxTheo Classification: | AD Sociology of religion; religious policy BJ Islam KBB German language area ZD Psychology |
| Further subjects: | B
Discrimination
B Change of opinion B Opinion B Self-image B Consequences B Religion B Perception B Stereotype B Prejudice B Deutschland (boat, 1866-1875) B Public image B Muslim |
| Online Access: |
Cover Inhaltstext (Publisher) Table of Contents |
| Parallel Edition: | Electronic
|
MARC
| LEADER | 00000cam a2200000 c 4500 | ||
|---|---|---|---|
| 001 | 78332863X | ||
| 003 | DE-627 | ||
| 005 | 20251224191137.0 | ||
| 007 | tu | ||
| 008 | 140417s2014 gw ||||| 00| ||ger c | ||
| 015 | |a 14,A49 |2 dnb | ||
| 016 | 7 | |a 1049606558 |2 DE-101 | |
| 020 | |a 3658053895 |c : kart. : EUR 6.99 (DE) |9 3-658-05389-5 | ||
| 020 | |a 9783658053895 |c Pb. : EUR 6.99 (DE), EUR 7.19 (AT), sfr 9.00 (freier Pr.) |9 978-3-658-05389-5 | ||
| 024 | 3 | |a 9783658053895 | |
| 024 | 8 | |a 86364977 |q Best.-Nr. | |
| 028 | 5 | 2 | |a 86364977 |
| 035 | |a (DE-627)78332863X | ||
| 035 | |a (DE-576)404411983 | ||
| 035 | |a (DE-599)DNB1049606558 | ||
| 035 | |a (OCoLC)878163759 | ||
| 035 | |a (OCoLC)985349047 | ||
| 035 | |a (DE-615)00907763 | ||
| 040 | |a DE-627 |b ger |c DE-627 |e rakwb | ||
| 041 | |a ger | ||
| 044 | |c XA-DE-HE | ||
| 072 | 7 | |a JFSR |2 bicssc | |
| 072 | 7 | |a SOC039000 |2 bisacsh | |
| 082 | 0 | |a 201.7 |q SEPA | |
| 082 | 0 | |a 306 |q SEPA |2 23 | |
| 082 | 0 | 4 | |a 300 |q DNB |
| 084 | |a RA05.01 |2 fivr | ||
| 084 | |a SG09 |2 fivs | ||
| 084 | |a SE06 |2 fivs | ||
| 084 | |a 0 |2 ssgn | ||
| 100 | 1 | |0 (DE-588)121646998 |0 (DE-627)081442440 |0 (DE-576)181633361 |4 aut |a Uslucan, Hacı-Halil |d 1965- | |
| 109 | |a Uslucan, Hacı-Halil 1965- |a Uslucan, Hacı Halil 1965- |a Uslucan, Haci-Halil 1965- | ||
| 245 | 1 | 0 | |a Stereotype, Viktimisierung und Selbstviktimisierung von Muslimen |b wie akkurat sind unsere Bilder über muslimische Migranten |c Haci-Halil Uslucan |
| 263 | |a Erscheint: Mai 2014 | ||
| 264 | 1 | |a Wiesbaden |b Springer VS |c 2014 | |
| 300 | |a VII, 20 S |b graph. Darst |c 21 cm | ||
| 336 | |a Text |b txt |2 rdacontent | ||
| 337 | |a ohne Hilfsmittel zu benutzen |b n |2 rdamedia | ||
| 338 | |a Band |b nc |2 rdacarrier | ||
| 490 | 0 | |a Essentials | |
| 500 | |a Aus: Islamverherrlichung. - Literaturangaben | ||
| 601 | |a Stereotyp | ||
| 601 | |a Viktimisierung | ||
| 650 | 0 | 7 | |0 (DE-588)4038459-7 |0 (DE-627)106232223 |0 (DE-576)209030186 |a Meinung |2 gnd |
| 650 | 0 | 7 | |0 (DE-588)4064317-7 |0 (DE-627)106124315 |0 (DE-576)209152699 |a Wahrnehmung |2 gnd |
| 650 | 0 | 7 | |0 (DE-588)4040921-1 |0 (DE-627)106221205 |0 (DE-576)209042680 |a Muslim |2 gnd |
| 650 | 0 | 7 | |0 (DE-588)4064037-1 |0 (DE-627)106125532 |0 (DE-576)209151420 |a Vorurteil |2 gnd |
| 650 | 0 | 7 | |0 (DE-588)4057329-1 |0 (DE-627)106151339 |0 (DE-576)209121602 |a Stereotyp |2 gnd |
| 650 | 0 | 7 | |0 (DE-588)4012472-1 |0 (DE-627)106348310 |0 (DE-576)20889862X |a Diskriminierung |2 gnd |
| 650 | 0 | 7 | |0 (DE-588)4049396-9 |0 (DE-627)106187155 |0 (DE-576)209081880 |a Religion |2 gnd |
| 650 | 0 | 7 | |0 (DE-588)4127240-7 |0 (DE-627)105726222 |0 (DE-576)209591986 |a Fremdbild |2 gnd |
| 650 | 0 | 7 | |0 (DE-588)4077349-8 |0 (DE-627)106080431 |0 (DE-576)20920480X |a Selbstbild |2 gnd |
| 650 | 0 | 7 | |0 (DE-588)4454886-2 |0 (DE-627)228232996 |0 (DE-576)212610740 |a Konsequenz |2 gnd |
| 650 | 0 | 7 | |0 (DE-588)4169345-0 |0 (DE-627)105410713 |0 (DE-576)209922230 |a Meinungsänderung |2 gnd |
| 651 | 7 | |0 (DE-588)4011882-4 |0 (DE-627)104704861 |0 (DE-576)208896155 |a Deutschland |2 gnd | |
| 652 | |a AD:BJ:KBB:ZD | ||
| 776 | 1 | |z 9783658053901 | |
| 776 | 0 | 8 | |i Online-Ausg. u.d.T. |a Uslucan, Hacı-Halil, 1965 - |t Stereotype, Viktimisierung und Selbstviktimisierung von Muslimen |d Wiesbaden : Springer VS, 2014 |h Online-Ressource (VII, 20 S. 5 Abb, online resource) |w (DE-627)1657934578 |w (DE-576)407554858 |z 9783658053901 |k Electronic |
| 856 | 4 | 2 | |u http://d-nb.info/1049606558/04 |m B:DE-101 |q application/pdf |v 2014-12-03 |x Verlag |3 Inhaltsverzeichnis |7 1 |
| 856 | 4 | 2 | |u http://deposit.dnb.de/cgi-bin/dokserv?id=4626913&prov=M&dok_var=1&dok_ext=htm |m X: MVB |q text/html |v 2014-12-03 |x Verlag |3 Inhaltstext |7 1 |
| 856 | 4 | 2 | |u https://swbplus.bsz-bw.de/bsz404411983cov.jpg |m V:DE-576 |m X:springer |q image/jpeg |v 20150303113710 |3 Cover |7 1 |
| 935 | |a mkri |a mteo | ||
| 936 | f | i | |0 (DE-627)1756131678 |a RA05.01 |b Deutschland |k Europa |k Mitteleuropa |k Deutschland |2 fivr |
| 936 | f | i | |0 (DE-627)1756136092 |a SG09 |b Religion/Religionsgemeinschaften |k Gesellschaft |k Religion/Religionsgemeinschaften |2 fivs |
| 936 | f | i | |0 (DE-627)1756135711 |a SE06 |b Auslandsbild/Fremdbilder |k Internationale Kulturbeziehungen |k Auslandsbild/Fremdbilder |2 fivs |
| 938 | 1 | 0 | |0 (DE-627)175614625X |0 (DE-615)6603417 |a Deutschland |2 fivt |
| 938 | 1 | 0 | |0 (DE-627)1756149682 |0 (DE-615)6603124 |a Meinung/Einstellung |2 fivt |
| 938 | 1 | 0 | |0 (DE-627)1756238456 |0 (DE-615)6606446 |a Perzeption |2 fivt |
| 938 | 1 | 0 | |0 (DE-627)1756152586 |0 (DE-615)6608431 |a Muslime |2 fivt |
| 938 | 1 | 0 | |0 (DE-627)175618027X |0 (DE-615)6604547 |a Vorurteile |2 fivt |
| 938 | 1 | 0 | |0 (DE-627)1756180105 |0 (DE-615)6604563 |a Stereotype |2 fivt |
| 938 | 1 | 0 | |0 (DE-627)1756199116 |0 (DE-615)6604403 |a Religiöse Diskriminierung |2 fivt |
| 938 | 1 | 0 | |0 (DE-627)1756151350 |0 (DE-615)6605230 |a Fremdbild |2 fivt |
| 938 | 1 | 0 | |0 (DE-627)1756166927 |0 (DE-615)6602362 |a Selbstbild |2 fivt |
| 938 | 1 | 0 | |0 (DE-627)1756241384 |0 (DE-615)6605264 |a Konsequenz/Schlussfolgerung |2 fivt |
| 938 | 1 | 0 | |0 (DE-627)1756156840 |0 (DE-615)6606359 |a Revision von Meinungen/Erkenntnissen |2 fivt |
| 938 | 1 | 1 | |0 (DE-627)1756168768 |0 (DE-615)6606662 |a Massenmedien |2 fiva |
| 938 | 1 | 1 | |0 (DE-627)1756159343 |0 (DE-615)6602419 |a Berichterstattung |2 fiva |
| 938 | 1 | 1 | |0 (DE-627)1756169551 |0 (DE-615)6605656 |a Islam |2 fiva |
| 938 | 1 | 1 | |0 (DE-627)1756239452 |0 (DE-615)6609378 |a Persönliche Beziehungen/Kontakte |2 fiva |
| 938 | 1 | 1 | |0 (DE-627)1756191379 |0 (DE-615)6608211 |a Alltag |2 fiva |
| 951 | |a BO | ||
| ELC | |b 1 | ||
| LOK | |0 000 xxxxxcx a22 zn 4500 | ||
| LOK | |0 001 3840924332 | ||
| LOK | |0 003 DE-627 | ||
| LOK | |0 004 78332863X | ||
| LOK | |0 005 20231219173759 | ||
| LOK | |0 008 210122||||||||||||||||ger||||||| | ||
| LOK | |0 040 |a DE-Tue135 |c DE-627 |d DE-Tue135 | ||
| LOK | |0 092 |o n | ||
| LOK | |0 852 |a DE-Tue135 | ||
| LOK | |0 852 1 |9 00 | ||
| LOK | |0 935 |a fivi | ||
| LOK | |0 936ln |0 1442044721 |a KBB | ||
| LOK | |0 936ln |0 1442043539 |a BJ | ||
| LOK | |0 936ln |0 1442043016 |a AD | ||
| LOK | |0 936ln |0 1442053747 |a ZD | ||
| LOK | |0 939 |a 22-01-21 |b l01 | ||
| ORI | |a SA-MARC-ixtheoa001.raw | ||
| REL | |a 1 | ||
| STA | 0 | 0 | |a Change of opinion,Consequences,Deutschland (boat, 1866-1875),Germany,Germany,Germany,Germany,German Federal Republic (motif),Germany,Germany,Germany,Germany,Germany,Germany,German Democratic Republic,Germany,Federal Republic of Germany,Germany,Germany,Germany,Soviet Occupation Zone,French Occupation Zone,Discrimination,Muslim,Muslim,Mohammedan,Moslem,Opinion,Conviction,Perception,Sense perception,Aisthesis,Perception (Philosophy),Perception in literature,Prejudice,Prejudice,Prejudgment,Public image,Public perception,Perception by others,Perception of others,Religion,Religion in literature,Religions,Religion,Self-image,Idea of oneself,Self-perception,Self-projection,Stereotype |
| STB | 0 | 0 | |a Changement d'opinion,Conséquence,Deutschland (bateau, 1866-1875),Allemagne,Allemagne,République fédérale d'Allemagne (motif),Discrimination,Image de soi,Musulman,Musulman,Opinion,Avis,Avis,Perception par les autres,image publique,image publique,Perception,Perception,Préjugé,Préjugé,Religion,Religions,Religion,Stéréotype |
| STC | 0 | 0 | |a Alemania,Alemania,Cambia de opinión,Consecuencia,Discriminación,Estereotipo,Heteroestereótipo,Imagen de si,Musulmán,Musulmán,Opinión,Percepción,Prejuicio,Prejuicio,Religión,Religión,Religión |
| STD | 0 | 0 | |a Cambiamento di opinione,Conseguenza,Consequenzialità,Consequenzialità,Discriminazione,Germania,Germania,Immagine degli altri,Eterostereotipo,Eterostereotipo,Immagine di sé,Percezione di sé,Percezione di sé,Musulmano,Musulmano,Opinione,Percezione,Pregiudizio,Pregiudizio,Religione,Religione,Religione,Stereotipo |
| STE | 0 | 0 | |a 宗教,宗教,德国,德国,意见,看法,主张,感知,知觉,成见,先入之见,偏见,核板印象,印刻作用,歧视,穆斯林,穆斯林,自我形象 |
| STF | 0 | 0 | |a 宗教,宗教,德國,德國,意見,看法,主張,感知,知覺,成見,先入之見,偏見,核板印象,印刻作用,歧視,穆斯林,穆斯林,自我形象 |
| STG | 0 | 0 | |a Alemanha,Alemanha,Consequência,Estereótipo,Heteroestereótipo,Imagem de si,Mudança de opinião,Muçulmano,Muçulmano,Opinião,Percepção,Preconceito,Preconceito,Religião,Religião,discriminação |
| STH | 0 | 0 | |a Восприятие,Германия (ГДР, мотив),Германия (мотив),Дискриминация,Изменение мнения,Мнение,Мусульманин (мотив),Мусульманин,Образ другого лица,Последствие,Представление о самом себе,Предубеждение (мотив),Предубеждение,Религия,Религия (мотив),Стереотип |
| STI | 0 | 0 | |a Αλλαγή γνώμης,Αντίληψη,Αυτοεικόνα,Γερμανία (ΛΔΓ, μοτίβο),Γερμανία (μοτίβο),Γνώμη,Άποψη,Διάκριση,Εικόνα των άλλων,Ετεροστερεότυπο,Θρησκεία,Θρησκεία (μοτίβο),Μουσουλμάνος (μοτίβο),Μουσουλμάνος,Προκατάληψη (μοτίβο),Προκατάληψη,Στερεότυπο,Συνέπεια |
| SUB | |a REL | ||
| SYE | 0 | 0 | |a Überzeugung , Perception,Anmutung,Attention economy,Aufmerksamkeitsforschung,Aufmerksamkeitsökonomie,Wahrnehmungsmessung,Wahrnehmungspsychologie,Perzeption,Sensorischer Prozess,Sinnesmodalität,Sinneswahrnehmung,Sinnliche Wahrnehmung,Aisthesis,Aisthetik,Wahrnehmungsprozess,Sensation , Muslimin,Muslime,Mohammedaner,Mohammedanerin,Moslem,Muselman,Muselmann,Moslemische Frau,Muslimische Frau,Muslima,Moslemin,Mosliminnen,Moslem,Mohammedaner,Muselman,Muselmann,Muslime , Soziales Vorurteil,Vorgefasste Meinung , Sozialstereotyp,Stereotypen , Discrimination,Soziale Benachteiligung,Soziale Diskriminierung,Discrimination , Religion,Mystik,Mythologie , Fremdenbild,Heterostereotyp,Fremdenbeurteilung,Fremd-Image,Fremdwahrnehmung , Selbstkonzept,Autostereotyp,Selbstwahrnehmung,Selbstentwurf,Selbstkonzeption,Selbstverständnis |
| SYF | 0 | 0 | |a DDR,Deutsche Demokratische Republik,Germany,Amerikanische Zone Deutschlands,BRD,Britische Zone Deutschlands,Bundesrepublik Deutschland,Französische Zone Deutschlands,Vereinigtes Wirtschaftsgebiet Deutschlands,BRD,Bundesrepublik Deutschland , Vereinigtes Wirtschaftsgebiet,Bizone,Verwaltung des Vereinigten Wirtschaftsgebietes,Französische Zone,Zone Française d'Occupation,Französische Besatzungszone,ZFO,Britische Zone,British occupation zone,Britische Besatzungszone,British Zone of Control,Britisches Kontrollgebiet,British Element,Britisches Element,Sowjetische Zone,Russische Zone,Sowjetische Besatzungszone,Russische Besatzungszone,Sowjetische Besatzungszone Deutschlands,Sowjetische Besatzungszone in Deutschland,Sowjetisch Besetzte Zone,Sowjetzone,Ostzone,SBZ,Länder,Westliche Bundesländer,Alte Bundesländer,Deutschland,Westdeutschland,Deutschland,Westzonen,Westliche Besatzungszonen,Trizone,Amerikanische Zone,American occupation zone,Amerikanische Besatzungszone,ABZ,United States Area of Control,Amerikanisches Kontrollgebiet,U.S. zone of occupation,United States Zone,U.S. Zone,US-Zone,Östliche Bundesländer,Neue Bundesländer,Länder,Deutschland,Ostdeutschland,Deutschland,Deutschland,Alemanha,Alemania,Allemagne,Almanija,Almāniyā,Bondsrepubliek Duitsland,BRD,BRD,Bundesrepublik Deutschland,Deutschland,Deutschland,Federal Republic of Germany,Förbundsrepubliken Tyskland,Förbundsrepublikken Tyskland,FRG,Germany,Németországi Szövetségi Kőztársaság,Niemiecka Republika Federalna Niemiecka Republika Federalna,NRF,Repubblica Federale di Germania,Republic of Germany,República Federal da Alemanha,República Federal de Alemania,Republik Federasi Djerman,Republika Federalna Niemiec,République Fédérale d'Allemagne,RFN,Saksan Liittotasavalta,Westdeutschland,Deutsche Demokratische Republik,DDR,Deutschland,German Democratic Republic,GDR,République Démocratique Allemande,RDA,Germanskaja Demokratičeskaja Respublika,Demokratičeskaja Respublika,Democratic Republic,Demokratische Republik,Niemiecka Republika Demokratyczna,NRD,Ǧumhūrīyat Almāniyā ad-Dīmuqrāṭīya,República Democrática Alemana,Saksan Demokraattisen Tasavallan,Repubblica Democratica Tedesca,Mitteldeutschland,Ostdeutschland,East Germany,Ostzone,Deutsche Länder,Germany,Heiliges Römisches Reich,Rheinbund,Deutscher Bund,Norddeutscher Bund,Deutsches Reich,Deutschland,Deutschland,BRD,Federal Republic of Germany,Republic of Germany,Allemagne,Ǧumhūrīyat Almāniyā al-Ittiḥādīya,Bundesrepublik Deutschland,BRD,Niemcy,République Fédérale d'Allemagne,Repubblica Federale di Germania,Germanija,Federativnaja Respublika Germanija,FRG,Deyizhi-Lianbang-Gongheguo |